| 000 | 00527nam a2200217Ia 4500 | ||
|---|---|---|---|
| 003 | 0100 | ||
| 008 | 130227s9999 xx 000 0 und d | ||
| 040 | _cARRUPELIB | ||
| 050 | _aBL238.O93 2009 | ||
| 100 | _aHadsell, Heidi | ||
| 245 | _aOvercoming fundamentalism | ||
| 245 | _bethical responses from five continents | ||
| 260 | _aGeneva | ||
| 260 | _bGlobethics.net | ||
| 260 | _C2009 | ||
| 300 | _a212p. | ||
| 300 | _b 21cm. | ||
| 650 | _bEducation - Higher | ||
| 650 | _cEducation - Philosophy | ||
| 942 |
_2lcc _02 |
||
| 999 |
_c5541 _d5541 |
||